000 00403nam a22001457a 4500
082 _a526.9
_bSUR
_cL-16, P-39
100 _aSurvey of Pakistan
_939658
245 _aPlane - tabling
250 _aFifth ed
260 _aRawlalpindi
_bSurveyor general of Pakistan
_cc 1947
300 _avarious pages
_bill.;
_c20 cm
526 _a0
_b0
_c0
_d526_900000000000000_SUR
650 _aMCE
_9379
942 _2ddc
_cBK
999 _c544154
_d544154